Part of Westminster 1799 (Record no. 116826)

MARC details
000 -LEADER
fixed length control field 00825cem a22001935a 4500
001 - CONTROL NUMBER
control field L140302
008 - FIXED-LENGTH DATA ELEMENTS--GENERAL INFORMATION
fixed length control field 070917s1799 xxk a 0 feng u
035 ## - SYSTEM CONTROL NUMBER
System control number (Sirsi) u140302
041 0# - LANGUAGE CODE
Language code of text/sound track or separate title eng
100 1# - MAIN ENTRY--PERSONAL NAME
Personal name Horwood, Richard
245 00 - TITLE STATEMENT
Title Part of Westminster 1799
Remainder of title from a "Plan of the Cities of London and Westminster, the Borough of Southwark, and parts adjoining shewing every house by R. Horwood" 1799
Medium [cartographic material]
255 ## - CARTOGRAPHIC MATHEMATICAL DATA
Statement of scale Scale not given
260 ## - PUBLICATION, DISTRIBUTION, ETC.
Place of publication, distribution, etc. S.l.
Name of publisher, distributor, etc. s.n.
Date of publication, distribution, etc. 1799
300 ## - PHYSICAL DESCRIPTION
Extent 1 map
Other physical details photograph, rolled
Dimensions 51 x 61 cm.
500 ## - GENERAL NOTE
General note The item is a photograph of the original which was received by the Library following the 'Royal Westminster' exhibition in 1981.
651 4# - SUBJECT ADDED ENTRY--GEOGRAPHIC NAME
Geographic name London
690 ## - LOCAL SUBJECT ADDED ENTRY--TOPICAL TERM (OCLC, RLIN)
Topical term or geographic name as entry element ENVIRONMENTAL AND LAND CONSULTANCY-GEOMATICS-MAPPING AND POSITIONING-CARTOGRAPHY
942 ## - ADDED ENTRY ELEMENTS (KOHA)
Suppress in OPAC 0
Holdings
Withdrawn status Lost status Source of classification or shelving scheme Damaged status Not for loan Home library Current library Shelving location Date acquired Total Checkouts Full call number Barcode Date last seen Copy number Price effective from Koha item type
    Dewey Decimal Classification     Historic collection Historic collection Historic collection 17/09/2007   MAP CABINET DRAWER 10 140302-2001 06/08/2019 1 06/08/2019 Archive